|
|
|
|
| LEADER |
00000nam a2200000 a 4500 |
| 001 |
vtls011888655 |
| 003 |
SK-MaSNL |
| 005 |
20260426003603.0 |
| 008 |
251112 1656 gw 000 0 lat |
| 015 |
|
|
|a SNBHFA
|
| 040 |
|
|
|a SNKHF
|b slo
|c SNKHF
|e AACR2
|
| 041 |
0 |
|
|a lat
|
| 044 |
|
|
|a gw
|c DE
|
| 072 |
|
7 |
|a 101
|x Filozofia
|2 konspekt
|
| 080 |
|
|
|a 101
|2 2011
|
| 100 |
1 |
|
|a Wendeler, Michael,
|d 1610-1671
|4 aut
|4 ths
|9 359790
|
| 245 |
1 |
9 |
|a Q.D.B.V. Ex Ethicis De Aequitate
|b A. D. XII. Julij. A. S. CIC IC CLVI. Horis Matutinis In Philosophorum Auditorio
|c Praeside Viro Plurimùm Reverendo, Amplissimo & Excellentissimo Dn. Michaele VVendelero S.S. Theol. D. & Pract. Phil. Prof. Celeberrimo, Praeceptore, Patrono ac Promotore aeternum Colendo ; Publicè disputabit M. Johannes Fridericus Horn/ Briga-Silesius
|
| 260 |
|
|
|a Wittebergae
|b Typis Johanni Borckardi
|c [1656]
|
| 300 |
|
|
|a A4-B4, C2 [=10] listov
|c 4°
|
| 500 |
|
|
|a Linka, kustody
|
| 501 |
|
|
|a Príväzok 9. k: LANGHANSEN, Christoph. Dissertatio Politica Communionem Bonorum In Republica. Regiomonti: Johann Reusner, 1655. 4°.
|5 SNK ID 101209
|
| 546 |
|
|
|a Latinský jazyk
|b Antikva
|
| 561 |
|
|
|a Z knižnice Učenej spoločnosti malohontskej.
|5 SNK ID 101209/prív.9
|
| 650 |
0 |
7 |
|a filozofia
|2 SNKPH
|9 793
|
| 700 |
1 |
|
|a Burckhard, Johann
|4 prt
|9 288504
|
| 700 |
1 |
|
|a Horn, Johannes Fridericus
|4 dis
|9 617928
|
| 710 |
2 |
|
|a Učená spoločnosť malohontská
|4 fmo
|9 205374
|
| 710 |
2 |
|
|a Burckhard, Johann (Wittenberg, Nemecko),
|d 1647-1689
|4 prt
|9 502638
|
| 752 |
|
|
|a Nemecko
|d Wittenberg
|
| 852 |
|
|
|a snk
|b Historické fondy
|p ID 101209/prív.9
|
| 999 |
|
|
|c 949254
|d 951184
|
| 952 |
|
|
|t MHC 1334
|a SNK
|b SNK
|c SNK_HF
|y PREZ
|7 0
|p 17A1356643
|o snkID 101209/prív.9
|i snk2019/22840
|8 5
|0 0
|1 0
|4 0
|d 2019-09-23
|l 0
|r 2026-02-24 09:43:59
|w 2026-02-24
|